000 01600nam a2200361 c 4500
003 BLK
005 20241007094703.0
008 180408b bul|||||r ||||||| ||bul||
010 _aKNG00075259000
020 _a954-529-482-5
_bиздат.: Колибри
040 _aBLK
041 _aBUL
_cBUL
080 _aИспанска литература
_b821.134.2
_x-312.4
_z821.134.2-312.4
100 1 _aСомоса, Хосе Карлос
_eпърви автор
_9122180
700 1 _aПетракиева, Людмила Евгениева
_eпрев. от исп.
_9370705
700 1 _aДиманова, Катя Томова
_eпрев. от исп.
_gДиманова-Василева, Катя Томова
_9369177
139 _aСомоса, Хосе Карлос
_bС 51
245 1 0 _aКлара и сянката
_bРоман
_cХосе Карлос Сомоса; прев. от исп. Людмила Евгениева Петракиева; прев. от исп. Катя Томова Диманова.
257 _aSPA
260 София
_bКолибри
_c2006
_fСофия : Унискорп
300 _a603 с.
_c20 см
380 _aX
490 1 _aСъвременна европейска проза
500 _aОриг. загл. Clara y la penumbra / Jose Carlos Somoza.
653 _aкрими
653 _aромани
852 _aЦб 234058
856 4 _qpdf
_u
856 4 _qpdf
_u
942 _cKNG
_n0
_013
944 _aCR
_c23.05.2007
_lМинев Младен
_k30530
944 _aED
_c05.02.2015
_lф /
_kЛюдмила_Стоянова
999 _c70896
_d70896